ČSN 01 3467* Výkresy inženýrskych staveb výkresy mostů
| Format: | Book |
|---|---|
| Language: | Undetermined |
| PhysicalDescription: | 16 s. |
| Published: |
Praha
Úrad pro normalizaci a měření
1966
|
MARC
| LEADER | 00000nam a2200000 a 4500 | ||
|---|---|---|---|
| 001 | vtls001357602 | ||
| 003 | SK-MaSNL | ||
| 005 | 20260223130201.0 | ||
| 008 | 210928s1966 xx 0 und | ||
| 035 | |a SNK000311101 | ||
| 040 | |a SNK |b slo |c SNK |e AACR2 | ||
| 245 | 1 | |a ČSN 01 3467* Výkresy inženýrskych staveb výkresy mostů | |
| 260 | |a Praha |b Úrad pro normalizaci a měření |c 1966 | ||
| 300 | |a 16 s. | ||
| 958 | |a OND | ||
| 999 | |c 548481 |d 550411 | ||
| 952 | |t P60, <04>, [BOOK], {604} |a SNK |b SNK |y VYP |7 0 |p 17A0084743 |o snkČSN 01 3467* |0 0 |1 0 |4 0 |d 1999-03-11 |l 0 |r 2005-01-02 00:00:00 |w 2026-02-23 | ||


